Australian Building Codes Board (Record no. 120034)

MARC details
000 -LEADER
fixed length control field 01141cam a2200241 4500
001 - CONTROL NUMBER
control field WS117994
008 - FIXED-LENGTH DATA ELEMENTS--GENERAL INFORMATION
fixed length control field 020516n 000 0 eng u
035 ## - SYSTEM CONTROL NUMBER
System control number (Sirsi) u117994
110 ## - MAIN ENTRY--CORPORATE NAME
Corporate name or jurisdiction name as entry element Australian Building Codes Board
9 (RLIN) 4238
245 ## - TITLE STATEMENT
Title Australian Building Codes Board
520 ## - SUMMARY, ETC.
Summary, etc. Web site for the Australian government initiative which aims to 'provide efficiency and cost effectiveness in meeting community expectations for health, safety and amenity in the design, construction and use of buildings through the creation of nationally consistent building codes, standards, regulatory requirements and regulatory systems'. The ABCB produce and maintain the Building Code of Australia.
650 ## - SUBJECT ADDED ENTRY--TOPICAL TERM
Topical term or geographic name entry element AUSTRALIA
650 ## - SUBJECT ADDED ENTRY--TOPICAL TERM
Topical term or geographic name entry element INTERNATIONAL
650 ## - SUBJECT ADDED ENTRY--TOPICAL TERM
Topical term or geographic name entry element GOVERNMENT
650 ## - SUBJECT ADDED ENTRY--TOPICAL TERM
Topical term or geographic name entry element BUILDING CODE OF AUSTRALIA
650 ## - SUBJECT ADDED ENTRY--TOPICAL TERM
Topical term or geographic name entry element BUILDING STANDARDS
650 ## - SUBJECT ADDED ENTRY--TOPICAL TERM
Topical term or geographic name entry element BUILDING CONTROL
9 (RLIN) 6222
650 ## - SUBJECT ADDED ENTRY--TOPICAL TERM
Topical term or geographic name entry element ENERGY EFFICIENCY
650 ## - SUBJECT ADDED ENTRY--TOPICAL TERM
Topical term or geographic name entry element AUSTRALIAN BUILDING PRODUCTS AND SYSTEMS CERTIFICATION SCHEME
690 ## - LOCAL SUBJECT ADDED ENTRY--TOPICAL TERM (OCLC, RLIN)
Topical term or geographic name as entry element BUILT ENVIRONMENT
856 40 - ELECTRONIC LOCATION AND ACCESS
Uniform Resource Identifier <a href="https://www.abcb.gov.au">https://www.abcb.gov.au</a>
Public note View the website free of charge at www.abcb.gov.au...
942 ## - ADDED ENTRY ELEMENTS (KOHA)
Suppress in OPAC 0
Holdings
Withdrawn status Lost status Source of classification or shelving scheme Damaged status Not for loan Home library Current library Shelving location Date acquired Total Checkouts Full call number Barcode Date last seen Copy number Price effective from Koha item type
    Dewey Decimal Classification     Virtual Virtual Online 16/05/2002   WEB SITE 117994-2001 06/08/2019 1 06/08/2019 Online material